01018 a2200217 4500003000500000005001700005010001700022020001800039040000900057082001600066100002100082245006000103260003400163300002000197490004600217505027800263650003400541830004200575856009100617856009200708Nust20221116155300.0 a 2003060811 a9788184893182 cNust00a621.366,NUM1 aNumai, Takahiro.10aFundamentals of semiconductor lasers /cTakahiro Numai. aNew York :bSpringer,cc2004. axii, 259 p. cm.1 aSpringer series in optical sciences ;v93 aBand Structures (Page-1), Optical Transitions (Page-25), Optical Waveguides (Page-43), Optical Resonators (Page-57), Fundamentals of Semiconductor Lasers (Page-83), Dynamic Single-Mode LDs (Page-167), Quantum Well LDs (Page-179), Control of Spontaneous Emission (Page-203). 0aTelecommunication Engineering 0aSpringer series in optical sciences ;423Publisher descriptionuhttp://www.loc.gov/catdir/enhancements/fy0818/2003060811-d.html423Table of contents onlyuhttp://www.loc.gov/catdir/enhancements/fy0818/2003060811-t.html